MDQL
is popping MORE tags! Check the
thread
!
Quizzes
Events
Quiz Creation
Community
Videos
Private Events
Remove Ads
Sign In
Join for FREE
Feedback
Dark Mode
Quiz Categories
Sports
Geography
Music
Movies
Television
Just For Fun
Miscellaneous
History
Literature
Language
Science
Gaming
Entertainment
Religion
Holiday
For Kids
Quiz Lab
Recent
Popular Today
Quiz Kudos Today
Editor Picks
Curator Picks
Quizzes by...
Day
Popularity
Type
Ratings
Length
Year
Community
Subscriptions
Recent Discussions
Orange Saloon
Badges
Playlists
Quests
Create
Leaderboards
Showdown
Live 5
Trivia Bingo
Activity
Puzzle Library
Sporcle Events
Private Events
Virtual Trivia
Globe League
Become a Host
Pub Owners
SporcleCon
Opinionation
Our Games
Videos
Blog
Mobile Apps
Partnerships
Remove Ads and Go Orange
Feedback
Sports
Athletes
MLB
NBA
NHL
NFL
Soccer
Sports Teams
WWE
NCAA
Football
Premier League
Basketball
Baseball
Hockey
Golf
Tennis
Cricket
Rugby
Auto Racing
Olympics
World Cup
Sports
Athletes
MLB
NBA
NHL
NFL
Soccer
Sports Teams
WWE
NCAA
Football
Premier League
Basketball
Baseball
Hockey
Golf
Tennis
Cricket
Rugby
Auto Racing
Olympics
World Cup
Random Quiz
Search Sporcle
×
Quiz Lab
Quiz Lab
Sports
NFL
Type in answers that appear in a list
Type in answers that appear in a list
Classic
Best Score? Go Orange.
NFL Teams & QBs by Alma Mater Stats
Can you name the name of each NFL team, their starting Quarterback as of November 2010, and that QB's alma mater?
By
phineas1227
7m
96 Questions
476 Plays
476 Plays
476 Plays
Comments
Comments
Give Quiz Kudos
Give Quiz Kudos
-
- Ratings
hide this ad
Replay
Link that replays current quiz
Next Quiz
Link to next quiz in quiz playlist
You Got
0%
They Got
Avg Score
80%
Avg Friend Score
Upgrade to see
Score Distribution
Jump to the score distribution portion of the page
Score
0/96
Timer
07:00
0
Plays Today
Division
Team Name, Starting QB, or Alma Mater
% Correct
AFC North Team
Pittsburgh Steelers
92.9%
AFC South Team
Indianapolis Colts
92.4%
AFC South QB
Peyton Manning
92%
AFC East Team
New England Patriots
92%
NFC East QB
Eli Manning
92%
AFC North Team
Cincinatti Bengals
91.8%
AFC North Team
Baltimore Ravens
91.2%
AFC South Team
Houston Texans
91.2%
AFC North Team
Cleveland Browns
91%
AFC East Team
Miami Dolphins
90.3%
AFC East Team
New York Jets
90.3%
AFC East QB
Tom Brady's Hair
90.3%
AFC South Team
Jacksonville Jaguars
89.9%
AFC East Team
Buffalo Bills
89.7%
AFC North Alma Mater
University of Southern California
89.5%
AFC East Alma Mater
University of Southern California
89.5%
AFC West Alma Mater
University of Southern California
89.5%
AFC South Team
Tennessee Titans
89.3%
AFC West Team
Denver Broncos
89.3%
NFC North Team
Minnesota Vikings
89.3%
AFC West Team
Oakland Raiders
89.1%
NFC North Team
Detroit Lions
89.1%
NFC North Team
Green Bay Packers
89.1%
AFC East Alma Mater
University of Michigan
88.7%
AFC North QB
Joe Flacco
88.4%
NFC North Team
Chicago Bears
88.4%
AFC North QB
Ben Roethlisberger
88.2%
AFC West Team
Kansas City Chiefs
87.8%
AFC North QB
Carson Palmer
87.6%
AFC South Alma Mater
University of Tennessee
87.4%
NFC South Team
New Orleans Saints
87.2%
AFC North Alma Mater
Miami University (OH)
87%
Division
Team Name, Starting QB, or Alma Mater
% Correct
AFC West Team
San Diego Chargers
86.8%
NFC North QB
Aaron Rodgers
86.8%
NFC East Team
New York Giants
86.6%
AFC East QB
Mark Sanchez
86.1%
NFC East Team
Dallas Cowboys
85.7%
AFC South QB
Matt Schaub
85.5%
NFC East Team
Philadelphia Eagles
85.3%
NFC North QB
Matthew Stafford
85.1%
NFC East Team
Washington Redskins
84.9%
AFC North Alma Mater
University of Texas
84.7%
AFC South Alma Mater
University of Texas
84.7%
NFC South QB
Drew Brees
84.5%
NFC West Team
Seattle Seahawks
84.5%
NFC North QB
Jay Cutler
84.2%
NFC South Team
Atlanta Falcons
83.6%
AFC West QB
Philip Rivers
83.4%
NFC West Team
Arizona Cardinals
83%
NFC West Team
San Francisco 49ers
82.6%
NFC South Team
Carolina Panthers
82.4%
AFC West Alma Mater
Purdue University
82.1%
NFC South Alma Mater
Purdue University
82.1%
AFC North Alma Mater
University of Delaware
81.9%
NFC South QB
Matt Ryan
81.5%
AFC South QB
Vince Young
81.3%
NFC North Alma Mater
University of California
81.3%
NFC East Alma Mater
University of Mississippi
80.9%
AFC South Alma Mater
University of Virginia
80.5%
NFC East QB
Jon Kitna
80.5%
AFC West QB
Matt Cassel
79%
AFC West QB
Kyle Orton
78.8%
NFC West Team
St. Louis Rams
78.8%
AFC North QB
Colt McCoy
78.4%
Division
Team Name, Starting QB, or Alma Mater
% Correct
AFC South QB
David Garrard
78.2%
NFC North QB
Brett Favre
78.2%
NFC East QB
Michael Vick
77.9%
NFC South Alma Mater
Boston College
77.7%
NFC West Alma Mater
Boston College
77.7%
NFC North Alma Mater
Vanderbilt University
77.5%
AFC East QB
Ryan Fitzpatrick
77.1%
NFC South Team
Tampa Bay Buccaneers
77.1%
NFC West QB
Alex Smith
76.9%
NFC West QB
Matt Hasselbeck
76.9%
AFC East QB
Chad Pennington
74.4%
NFC East QB
Donovan McNabb
74.2%
NFC East Alma Mater
Virginia Polytechnic Institute and State University
73.7%
NFC South QB
Josh Freeman
72.3%
NFC West Alma Mater
University of Utah
72.3%
AFC East Alma Mater
Harvard University
71.8%
AFC West Alma Mater
North Carolina State University
71.6%
NFC West QB
Sam Bradford
69.1%
NFC North Alma Mater
University of Southern Mississippi
68.7%
NFC West Alma Mater
University of Oklahoma
68.3%
AFC East Alma Mater
Marshall University
65.5%
NFC South Alma Mater
University of Notre Dame
65.5%
NFC North Alma Mater
University of Georgia
65.1%
NFC South Alma Mater
Kansas State University
63%
NFC West QB
Derek Anderson
63%
NFC South QB
Jimmy Clausen
62%
AFC West Alma Mater
Auburn University
60.9%
NFC West Alma Mater
Oregon State University
58.2%
AFC West QB
Jason Campbell
57.4%
NFC East Alma Mater
Syracuse University
53.8%
NFC East Alma Mater
Central Washington University
52.9%
AFC South Alma Mater
East Carolina University
44.3%
Quiz Playlist
Details
Report
Send in Message
Add To Playlist
Classic:
Type in answers that appear in a list
Quiz Source
Last Updated: Feb 16, 2017
Quiz Scoreboard
CHALLENGE
Sign Up to Join the Scoreboard
Show All
Scores
Hide
Comments
May contain spoilers
Recently Published
1-10 Letter E Words III
by El_Dandy
Language
2m
Street Fighter Characters
by Artimus82
Gaming
60s
College Basketball Coaching Resumes
by pancakes188
Sports
9m
More to Explore
Quiz From the Vault
Featured Blog Post
Where Did the Easter Bunny Come From?
hide this ad
You Might Also Like...
Tags
NFL Quiz
2010
Alma Maters
Division
Mater
November
Quarterbacks
Starting
team
Today's Top Quizzes in Sports
Browse Sports
hide this ad
Today's Top Quizzes in NFL
Browse NFL
Top Contributed Quizzes in Sports
1
2022 World Cup Stars
2
Les meilleurs buteurs des matchs entre le PSG et l’OM
3
FIFA Club World Cup Champions
4
Les entraîneurs de l'OM et du PSG au 21e siècle
5
Criteria MLB: Left Handed Sluggers
6
2023 MLB Unique Player Accomplishments
7
AFC Teams Reveal (Wrong Answers Minefield)
8
Players with Multiple 50 Home Run Seasons
9
5-to-1: FBS Animal Nicknames
10
5-to-1: UK Sports Teams
Explore More
Trending Topics
Disney
Harry Potter
NBA
Kpop
Anime
Marvel
Crossword
The Office
WWE
Soccer
Puzzle
NFL
Pokémon
Country
Song
hide this ad
More By:
phineas1227
Quiz
Plays
Rating
Category
Featured
Created
NFL Teams & QBs by Alma Mater
476
3.86
Sports
Nov 12, 2010
Go to Creator's Profile
Score Distribution
Quiz Creator Spotlight
phineas1227
Follow
Send a Message
Quizzes Created
-
Created Quiz Play Count
-
More By This Creator
Popular Quizzes Today
1
Find the US States - No Outlines Minefield
2
Find the Countries of Europe - No Outlines Minefield
3
The Countries of the World
4
Find the US States
5
Risky Map Clicking: Biggest States A-Z
6
US States
7
Popular People in 1961
8
Movies - When Are They Set?
More Sports Quizzes
NFL Top 100 Players (2014)
Published
Trending Quizzes
Risky Map Clicking: Least Populous States A-Z
Billboard Blitz: Aretha Franklin
Famous Russians: Author or Composer?
1-10 Letter G Words
Countries of the World: 200 Million BC
Recently Updated
Leaping Animals
pecheneg
Reality TV Shows (A-Z)
bhenderson79
Rickey Henderson's Hall of Fame Teammates
pecheneg
Champions League XIs: Arsenal
pecheneg
Quick Pick: Celebrities in WWE's Hall of Fame
aduchscher
A-Z Keypad Blitz II
pecheneg
Multiple Oscar Actors
pecheneg
Mystery Phrase Blitz: Oscar 'Best Actors'
pecheneg
F. Scott Fitzgerald Novels
LTH
Pick 3 Villains
ddd62291
Trending Topics
Crossword
Disney
Kpop
Marvel
Anime
Harry Potter
NBA
Song
NFL
Country
Soccer
The Office
Pokémon
Puzzle
WWE
Your Account Isn't Verified!
In order to create a playlist on Sporcle, you need to verify the email address you used during registration. Go to your
Sporcle Settings
to finish the process.
Report this User
Report this user for behavior that violates our
Community Guidelines
.
Details:
Send Report
Go to the Sporcle.com Mobile Site →
Comments